000 00969nas a2200337 4500
001 BR0810069
003 BR-BrBNA
005 20231205112928.0
007 ta
008 230509b bl.|||p| |||| 00| 00por d
040 _aBR-BrBNA
_bpor
_cBiblioteca Nacional de Agricultura
041 _a(Pt)
072 _aP35
100 1 _aSilva, M.A.C. da
100 1 _aNatale, W.
100 1 _aPrado, R. de M.
100 1 _aCorrêa, M.C.M.
100 1 _aStuchi, E.S.
100 1 _aAndrioli, I.
245 1 _aAplicação superficial de calcário em pomar de laranjeira pêra em produção
650 _aLARANJA PÊRA
650 _aACIDEZ
650 _aSOLO
650 _aCALAGEM
650 _aCALCÁRIO
650 _aLATOSSOLO VERMELHO
650 _aANÁLISE QUÍMICA
773 0 _tRevista Brasileira de Fruticultura (Brazil)
_xISSN 0100 2945
_g(Dec 2007), v. 29(3) p. 606-612
_wBR0810069
909 _a202311
_bLúcia
_c55
_dLúcia Elande
942 _2AGRIS
_n0
_cANA
999 _c200838
_d200838